Faculty of Law Library — Cairo University

Official Online Catalog

Agreements and conventions concluded between member States within the framework of the Arab League. (Record no. 76392)

MARC details
000 -LEADER
fixed length control field 01110nam a2200301 i 4500
003 - CONTROL NUMBER IDENTIFIER
control field EG-GICUC
005 - DATE AND TIME OF LATEST TRANSACTION
control field 20260509152523.0
008 - FIXED-LENGTH DATA ELEMENTS--GENERAL INFORMATION
fixed length control field 260509s1955 xxx||||f |||| 00| 0 eng d
040 ## - CATALOGING SOURCE
Original cataloging agency EG-GiCUC
Language of cataloging eng
Transcribing agency EG-GiCUC
Modifying agency EG-GiCUC
Description conventions rda
041 ## - LANGUAGE CODE
Language code of text/sound track or separate title eng
-- fre
-- ara
082 04 - DEWEY DECIMAL CLASSIFICATION NUMBER
Edition number 21
Classification number 341.062
092 04 - LOCALLY ASSIGNED DEWEY CALL NUMBER (OCLC)
Edition number 21
099 ## - LOCAL FREE-TEXT CALL NUMBER (OCLC)
Classification number Law1 11 341.062 LE . A 1955 1108121 C1
110 ## - MAIN ENTRY--CORPORATE NAME
Corporate name or jurisdiction name as entry element League of Arab States.
Relator term Author.
245 ## - TITLE STATEMENT
Title Agreements and conventions concluded between member States within the framework of the Arab League.
246 13 - VARYING FORM OF TITLE
Title proper/short title Texte des traités et conventions conclus entre les États membres dans le cadre de la Ligue arabe.
246 13 - VARYING FORM OF TITLE
Title proper/short title مجموعة المعاهدات والاتفاقيات.
264 ## - PRODUCTION, PUBLICATION, DISTRIBUTION, MANUFACTURE, AND COPYRIGHT NOTICE
Place of production, publication, distribution, manufacture [Place of publication not identified] :
Name of producer, publisher, distributor, manufacturer [Publisher not identified],
Date of production, publication, distribution, manufacture, or copyright notice [1955]
300 ## - PHYSICAL DESCRIPTION
Extent pages ;
Dimensions 24 cm
336 ## - CONTENT TYPE
Source rda content
Content type term text
337 ## - MEDIA TYPE
Source rda media
Media type term Computer
338 ## - CARRIER TYPE
Source rda carrier
Carrier type term Online Resource
650 1# - SUBJECT ADDED ENTRY--TOPICAL TERM
Topical term or geographic name entry element Treaties
Source of heading or term qrmak
651 1# - SUBJECT ADDED ENTRY--GEOGRAPHIC NAME
Source of heading or term qrmak
856 40 - ELECTRONIC LOCATION AND ACCESS
Uniform Resource Identifier <a href="https://fll.law.cu.edu.eg/fulltext/bks/B11-08121.pdf">https://fll.law.cu.edu.eg/fulltext/bks/B11-08121.pdf</a>
905 ## - Cataloger and Reviser Names
Cataloger Name: Nora Khalil
942 ## - ADDED ENTRY ELEMENTS (KOHA)
Source of classification or shelving scheme Dewey Decimal Classification
Koha item type Books
Edition 21
Suppress in OPAC No
Holdings
Withdrawn status Lost status Source of classification or shelving scheme Damaged status Not for loan Collection Home library Current library Date acquired Total checkouts Full call number Barcode Date last seen Copy number Price effective from Koha item type
    Dewey Decimal Classification   Not for loan القانون الدولي العام جــــامعة القــاهرة مكتبة كلية الحقوق - المبنى الرئيسي 09.05.2026   Law1 11 341.062 LE . A 1955 1108121 C1 B11-08121 09.05.2026 1 09.05.2026 Books

© All rights reserved — Faculty of Law, Cairo University